| 000 | 00798nam a2200277 a 4500 | ||
|---|---|---|---|
| 001 | 9821 | ||
| 003 | BD-RjUL | ||
| 005 | 20211208234837.0 | ||
| 008 | 140121s19531944enkaf 001 0 eng c | ||
| 035 | _a(BD-RjUL)9866 | ||
| 040 |
_aDLC/ICU _cCGU _dBD-RjUL _beng |
||
| 041 | _aeng | ||
| 082 | 0 | 0 |
_a523.1 _bJEU 1953 _223 |
| 100 | 1 |
_aJeans, James, _d1877-1946. _926311 |
|
| 245 | 1 | 4 |
_aThe universe around us / _cJames Jeans. |
| 250 | _a4th ed., rev. and reset. | ||
| 260 |
_aCambridge [Eng.] : _bThe University press, _c1944, _c[Reprinted 1953]. |
||
| 300 |
_ax, 297 p. : _bill. ; _c22 cm. |
||
| 504 | _aIncludes index. | ||
| 650 | 0 |
_aCosmology _9118943 |
|
| 650 | 0 |
_aAstronomy. _9118942 |
|
| 650 | 0 |
_aCosmogony. _9118944 |
|
| 942 |
_2ddc _cBK |
||
| 999 |
_c9821 _d9821 |
||